| 000 | 00580nam a2200133Ia 4500 | ||
|---|---|---|---|
| 008 | 220620s9999||||xx |||||||||||||| ||und|| | ||
| 020 | _a9782890000000 | ||
| 245 | 0 | _aApplications of Synergies in Human Machine Interfaces | |
| 546 | _aEnglish[eng] | ||
| 650 | _asynergies||Rehabilitation||Rehab robotics||Prosthetics and exoskeletons||brain machine interfaces||Human machine interfaces | ||
| 700 | _aVinjamuri, Ramana||Mao, Zhi-Hong||Maybhate, Anil | ||
| 856 | _uhttps://www.frontiersin.org/research-topics/3395/applications-of-synergies-in-human-machine-interfaces | ||
| 942 | _cEB | ||
| 999 |
_c31398 _d31398 |
||